Normal view MARC view

Entry Nombre personal

Number of records used in: 3

001 - NÚMERO DE CONTROL

  • campo de control: 242363

003 - IDENTIFICADOR DE NÚMERO DE CONTROL

  • campo de control: SpMaBN

005 - FECHA Y HORA DE LA ÚLTIMA TRANSACCIÓN

  • campo de control: 20251016160806.0

008 - ELEMENTOS DE DATO DE LONGITUD-FIJA

  • campo de control de longitud fija: 901120nn aijnnaabn n aaa

016 ## - NÚMERO DE CONTROL DE UNA AGENCIA BIBLIOGRÁFICA NACIONAL

  • Número de control del registro: BNE19900413312

024 7# - IDENTIFICADOR DE OTROS ESTÁNDARES

  • Número estándar o código: http://viaf.org/viaf/29542054/
  • Fuente: viaf

024 7# - IDENTIFICADOR DE OTROS ESTÁNDARES

  • Número estándar o código: https://isni.org/isni/0000000121258439
  • Fuente: isni

024 7# - IDENTIFICADOR DE OTROS ESTÁNDARES

  • Número estándar o código: http://www.wikidata.org/entity/Q178106
  • Fuente: wikidata

040 ## - FUENTE DE CATALOGACIÓN

  • Centro catalogador/agencia de origen: SpMaBN
  • Lengua de catalogación: spa
  • Centro/agencia transcriptor: SpMaBN
  • Normas de descripción: rdc
  • Convención/Normas de encabezamiento de materia/tesauro: embne

046 ## - FECHAS CON CODIFICACIÓN ESPECIAL

  • Fecha de nacimiento: 1883
  • Fecha de la muerte: 1963

100 1# - ENCABEZAMIENTO-NOMBRE DE PERSONA

  • Nombre de persona: Williams, William Carlos,
  • Fechas asociadas al nombre: 1883-1963

370 ## - LUGAR ASOCIADO

  • Lugar de nacimiento: Estados Unidos, Nueva Jersey (Estado)

370 ## - LUGAR ASOCIADO

  • Lugar de fallecimiento: Estados Unidos, Nueva Jersey (Estado)

373 ## - GRUPO ASOCIADO

  • Grupo asociado: Academia Estadounidense de las Artes y las Letras
  • Grupo asociado: Generación beat
  • Grupo asociado: Imagismo
  • Grupo asociado: Poesía moderna
  • Fuente de información: Wikidata

374 ## - OCUPACIÓN

  • Ocupación: Críticos literarios
  • Ocupación: Médicos escritores
  • Ocupación: Poetas

375 ## - GÉNERO/SEXO

  • Género: Masculino

377 ## - IDIOMA ASOCIADO

  • Término de lengua/lenguaje: Inglés

670 ## - FUENTE DE DATOS ENCONTRADOS

  • Cita de la fuente: Cien poemas, 1988
  • Información encontrada: port. (William Carlos Williams)

670 ## - FUENTE DE DATOS ENCONTRADOS

  • Cita de la fuente: Dic. de escritores célebres, 1995
  • Información encontrada: (Williams, William Carlos; poeta estadounidense (Rutherford, Nueva Jersey, 1883-íd., 1963))

670 ## - FUENTE DE DATOS ENCONTRADOS

  • Cita de la fuente: WWW LC auth. file, 23-1-2001
  • Información encontrada: (Williams, William Carlos, 1883-1963)